1197 1541 1680 1537 1049 1725 1342 1730 1491 1892 1128 1901 1788 1680 1303 1336 1140 1307 1253 1258 1666 1027 1797 1583 1857 1292 1353 1925 1903 1319 1485 1707 1533 1446 1859 1089 1686 1533 1875 1770 1590 1715 1254 1084 1244 1363 1058 1355 1084 1378 1504 1468 1585 1673 1117 1189 1505 1651 1544 1917 1138 1517 1349 1789 1673 1377 1635 1368 1847 1679 1485 1671 1773 1750 1056 1104 1945 1391 1495 1728 1348 1345 1950 1203 1755 1759 1750 1229 1751 1840 1644 1001 1567 1884 1573 1228 1716 1904 1287 BCNSPRNW ULIB Ver.6.0+V

เปลี่ยนเป็นภาษาไทย

Change to English
 แสดงรายละเอียดบรรณานุกรม
  กลับหน้าหลัก

Brief Record : Get Marc (ISO 2709) : E-mail record : QR code < ปิดหน้าต่าง
LEADER : 00000nam 2200000uu 4500
001    13399114591
003     ULIB
008    120418s2551||||th 000 0 tha d
020    ^a9789740415831
090    ^aนว.^bพ715ส 2551
100 0  ^aพิมพ์สุรางค์
245 00 ^aสาวร้ายสายลับ ตอน วัยรุ่นเซ็ง/^cพิมพ์สุรางค์
250    ^aพิมพ์ครั้งที่ 1
260    ^aกรุงเทพฯ :^bbluebell,^c2551
300    ^a164 หน้า
710 1  ^abulebell
945    ^p125^l0^i15041
995    ^aกัณชพร
999    ^aใช้งานได้ทุกระบบ
รายการนี้ยังไม่มีแท็ก
คุณยังไม่ได้ล็อกอิน คุณสามารถมีกิจกรรมร่วมกับเว็บไซต์ได้ แต่ต้องล็อกอินก่อน ::
  ล็อกอิน

รายการสื่อสารสนเทศ

ลำดับที่ ประเภท เลขเรียก/บาร์โค้ด สถานที่ สถานะ
1. วิทยาศาสตร์การแพทย์ และสุขภาพ
วิทยาศาสตร์การแพทย์ และสุขภาพ
นว. พ715ส 2551  
  Barcode: 15041
ห้องสมุดวิทยาเขตสวรรค์ประชารักษ์
►นวนิยาย
บนชั้น
  ขอยืม

รายการใกล้เคียง
    ผู้แต่ง [พิมพ์สุรางค์]

BibComment


ยังไม่เคยถูกคอมเมนท์

คอมเมนท์ทรัพยากรรายการนี้
  คอมเมนท์: สาวร้ายสายลับ ตอ..


 Copyright 2026. Bcnsprnw @Library